00423 2200157 4500001002100000008004100021035002000062245005900082100002100141260002500162300002200187020002200209084001400231082000800245990001200253INLIS000000000002768 IND  a0010-0925000115 aAyah Pemilik Cinta Yang Terlupakan 2cEidelweis Almira aEidelweis Almira aJakartabZettuc2016 a196c(13 x 19 cm) a978-602-7999-70-1 a813 EID a a813 a0754990